| 000 | 03090njm a2200553Ia 4500 | ||
|---|---|---|---|
| 001 | 21289 | ||
| 003 | IT-RoPAU | ||
| 005 | 20220918181139.0 | ||
| 008 | 131025s9999 xx 000 0 und d | ||
| 040 | _aIT-RoPAU | ||
| 040 | _cIT-RoPAU | ||
| 041 | _aINGLESE | ||
| 999 |
_c101154 _d101154 |
||
| 999 | _bn.d. | ||
| 100 |
_aAA.VV. _9794 |
||
| 100 |
_eAutore musica _95568 |
||
| 100 |
_gCodice autore musica SPICS: 12000 _9796 |
||
| 245 | _aFlashdance (Lp Original Soundtrack From The Motion Picture) | ||
| 250 | _a1a ed. | ||
| 260 | _aITALIA | ||
| 260 |
_bPOLYGRAM _c1983 [1a Ed.:1983 - Ed. Lingua Orig.: 1983] |
||
| 300 | _aDISCO | ||
| 300 | _c38 minuti (Testo: pag.) | ||
| 500 | _aColonna sonora dell'omonimo film. Musica da film. | ||
| 505 | _aImagination [(Boddicker/Hey/Ramone/Sembello-Laura Branigan) (4:00)] - Romeo (4:00) - Seduce Me Tonight (4:00) - I'll Be Here Where the Heart Is (5:00) - Maniac (5:00) - Flashdance... What a Feeling (4:00) - He's a Dream (4:00) - Love Theme From Flashdance (4:00) - Manhunt 83:00) - Lady, Lady, Lady (5:00) | ||
| 511 | _aDonna Summer | ||
| 511 | _aCycle V | ||
| 511 | _aShandi | ||
| 511 | _aHelen St. John | ||
| 511 | _aKaren Kamon | ||
| 511 | _aJoe Esposito | ||
| 650 |
_aCOLONNA SONORA [DISCHI] _eCodice MATERIA SPICS: 9950 _95569 |
||
| 700 |
_aBoddicker M _eAutore musica _gCodice autore musica SPICS: 22588 _pImagination _95570 |
||
| 700 |
_aRamone P. _eAutore _gCodice autore SPICS: 22589 _pImagination _95571 |
||
| 700 |
_aSembello Michael _eAutore testo/musica _gCodice autore testo/musica SPICS: 22587 _pImagination - Maniac _95572 |
||
| 700 |
_aBranigan Laura _eAutore _gCodice autore SPICS: 22590 _pImagination - Romeo - Seduce Me Tonight _95573 |
||
| 700 |
_aBellotte Pete _eAutore musica _gCodice autore musica SPICS: 22591 _pRomeo _95574 |
||
| 700 |
_aLevay S. _eAutore testo/musica _gCodice autore testo/musica SPICS: 22592 _pRomeo _95575 |
||
| 700 |
_aMoroder Giorgio _eAutore musica _gCodice autore musica SPICS: 1239 _pSeduce Me Tonight - Love Theme From Flashdance - Lady, Lady, Lady _95576 |
||
| 700 |
_aForsey Keith _eAutore testo/musica _gCodice autore testo/musica SPICS: 22593 _pSeduce Me Tonight - Flashdance... What a Feeling - Lady, Lady, Lady _95577 |
||
| 700 |
_aCarnes Kim _eAutore musica _gCodice autore musica SPICS: 22594 _pI'll Be Here Where the Heart Is _95578 |
||
| 700 |
_aHitchings D. _eAutore _gCodice autore SPICS: 22595 _pI'll Be Here Where the Heart Is _95579 |
||
| 700 |
_aKrampf C. _eAutore testo/musica _gCodice autore testo/musica SPICS: 22596 _pI'll Be Here Where the Heart Is _95580 |
||
| 700 |
_aMatkosky Dennis _eAutore testo/musica _gCodice autore testo/musica SPICS: 22597 _pManiac _95581 |
||
| 700 |
_aSinnamon S. _eAutore musica _gCodice autore musica SPICS: 22599 _pHe's a Dream _95582 |
||
| 700 |
_aMagness Ronald _eAutore testo/musica _gCodice autore testo/musica SPICS: 22600 _pHe's a Dream _95583 |
||
| 700 |
_aCotler D. _eAutore musica _gCodice autore musica SPICS: 22601 _pManhunt _95584 |
||
| 700 |
_aGilbert Robert _eAutore testo/musica _gCodice autore testo/musica SPICS: 14464 _pManhunt _95585 |
||
| 942 |
_cMD _2ddc |
||